| 000 | 01288cam a22003374a 4500 | ||
|---|---|---|---|
| 001 | 12684990 | ||
| 003 | GBCCL | ||
| 005 | 20251106144126.0 | ||
| 008 | 020214s2002 enkab b 001 0 eng | ||
| 020 |
_a0801025974 _qpbk. |
||
| 020 |
_a9780801025976 _q(pbk.) |
||
| 035 | _a12684990 | ||
| 035 | _a(DLC) 2002023062 | ||
| 035 | _a(DLC)911 | ||
| 040 |
_aDLC _cDLC _dDLC |
||
| 082 | 0 | 0 |
_a222.1061 _221 _bALE 1 |
| 100 | 1 | _aAlexander, T.D. | |
| 245 | 1 | 0 |
_aFrom paradise to the promised land : _ban introduction to the Pentateuch / _cT.D. Alexander. |
| 250 | _a2nd ed. | ||
| 260 |
_aCarlise, Cumbria, U.K. : _bPaternoster Press ; _aGrand Rapids, MI. : _bBaker Academic, _cc2002. |
||
| 300 |
_axxi, 339 p. : _bill., maps ; _c23 cm. |
||
| 336 |
_atext _btxt _2rdacontent |
||
| 337 |
_aunmediated _bn _2rdamedia |
||
| 338 |
_avolume _bnc _2rdacarrier |
||
| 504 | _aIncludes bibliographical references (p. [281]-318) and indexes. | ||
| 630 | 0 | 0 |
_aBible. _pPentateuch _xCriticism, interpretation, etc. |
| 906 |
_a7 _bcbc _corignew _d1 _eocip _f20 _gy-gencatlg |
||
| 942 |
_2ddc _cBK _n0 |
||
| 999 |
_c10985 _d10985 |
||